00701 2200229 4500001002100000005001700021008004100038020002200079035002400101040001200125082001100137090002200148100002700170245008800197260003700285300002900322500003000351650002300381700003100404850001200435999002400447YOGYA-0712000000043720120730225806.0 ind  a978-979-29-2691-0 0010-071200000000437 aYOPDYOG a639.31 aDEP 639.31bCAH K aCAHYO SAPARINTO, 1965- aKiat Sukses Budidaya ikan nila/cCahya Saparinto,Rini Susiana;Editor Westriningsih. aYogyakartabLily Publisherc2011 aXII,163 hlmbilusc21 cm aBibliografi : hlm 161-163 aIkan Nila-Budidaya aRini Susiana,Westriningsih aYOPDYOG a2011-2210 h CB-D.11